<?xml version="1.0" encoding="UTF-8"?><?xml-stylesheet type="text/xsl" href="static/style.xsl"?><OAI-PMH xmlns="http://www.openarchives.org/OAI/2.0/" xmlns:xsi="http://www.w3.org/2001/XMLSchema-instance" xsi:schemaLocation="http://www.openarchives.org/OAI/2.0/ http://www.openarchives.org/OAI/2.0/OAI-PMH.xsd"><responseDate>2026-04-17T11:24:02Z</responseDate><request verb="GetRecord" identifier="oai:www.recercat.cat:20.500.14342/4581" metadataPrefix="marc">https://recercat.cat/oai/request</request><GetRecord><record><header><identifier>oai:recercat.cat:20.500.14342/4581</identifier><datestamp>2025-03-11T20:26:35Z</datestamp><setSpec>com_2072_482405</setSpec><setSpec>com_2072_183628</setSpec><setSpec>col_2072_482411</setSpec></header><metadata><record xmlns="http://www.loc.gov/MARC21/slim" xmlns:dcterms="http://purl.org/dc/terms/" xmlns:xsi="http://www.w3.org/2001/XMLSchema-instance" xmlns:doc="http://www.lyncode.com/xoai" xsi:schemaLocation="http://www.loc.gov/MARC21/slim http://www.loc.gov/standards/marcxml/schema/MARC21slim.xsd">
   <leader>00925njm 22002777a 4500</leader>
   <datafield ind2=" " ind1=" " tag="042">
      <subfield code="a">dc</subfield>
   </datafield>
   <datafield ind2=" " ind1=" " tag="720">
      <subfield code="a">Garcia-Morante, Marina</subfield>
      <subfield code="e">author</subfield>
   </datafield>
   <datafield ind2=" " ind1=" " tag="720">
      <subfield code="a">Weise, Crista</subfield>
      <subfield code="e">author</subfield>
   </datafield>
   <datafield ind2=" " ind1=" " tag="720">
      <subfield code="a">Diaz Villalba, Laura Karina</subfield>
      <subfield code="e">author</subfield>
   </datafield>
   <datafield ind2=" " ind1=" " tag="720">
      <subfield code="a">Castelló, Montserrat</subfield>
      <subfield code="e">author</subfield>
   </datafield>
   <datafield ind2=" " ind1=" " tag="260">
      <subfield code="c">2024-11</subfield>
   </datafield>
   <datafield ind2=" " ind1=" " tag="520">
      <subfield code="a">Purpose – This study aims to critically assesses how Spanish PhD holders working outside academia&#xd;
perceive and value their past PhD training experiences within academic PhD programs, addressing the&#xd;
growing need for skills applicable in various sectors.&#xd;
Design/methodology/approach – Using a retrospective interpretative design, the authors collected&#xd;
qualitative data from 35 PhD holders who have transitioned to non-academic careers. Through multimodal&#xd;
interviews, the authors gathered in-depth perceptions to understand the strengths and weaknesses of existing&#xd;
PhD training in relation to non-academic employability.&#xd;
Findings – The findings highlight a significant disconnect between academic-oriented training and the practical&#xd;
demands of non-academic jobs, particularly in non-research roles. While PhD training was valued in researchrelated non-academic positions, especially in STEM fields, it was considered insufficient for those in managerial or&#xd;
other non-research roles unless the training included specific industry-related projects. Participants suggested a&#xd;
cultural shift in PhD programs towards a more balanced academic and non-academic focus, integrating societal&#xd;
concerns and broader competencies like effective communication and managerial skills. These changes are seen as&#xd;
crucial for better-preparing PhD candidates for diverse professional environments, emphasising the need for PhD&#xd;
programs to evolve continually in response to the changing dynamics of the labour market and societal needs.</subfield>
   </datafield>
   <datafield ind1="8" ind2=" " tag="024">
      <subfield code="a">http://hdl.handle.net/20.500.14342/4581</subfield>
   </datafield>
   <datafield ind1="8" ind2=" " tag="024">
      <subfield code="a">https://doi.org/10.1108/SGPE-12-2023-0115</subfield>
   </datafield>
   <datafield tag="653" ind2=" " ind1=" ">
      <subfield code="a">Formació doctoral</subfield>
   </datafield>
   <datafield tag="653" ind2=" " ind1=" ">
      <subfield code="a">Carreres post-doctorals</subfield>
   </datafield>
   <datafield tag="653" ind2=" " ind1=" ">
      <subfield code="a">Carreres doctorals alternatives</subfield>
   </datafield>
   <datafield tag="653" ind2=" " ind1=" ">
      <subfield code="a">Carreres doctorals no-acadèmiques</subfield>
   </datafield>
   <datafield ind2="0" ind1="0" tag="245">
      <subfield code="a">Strengths and weaknesses of PhD training to develop alternative careers. Insights from PhD holders working beyond academia</subfield>
   </datafield>
</record></metadata></record></GetRecord></OAI-PMH>